书目信息 |
| 题名: |
模糊子集·模糊关系·模糊映射
|
|
| 作者: | 葛苏林 编写 | |
| 分册: | ||
| 出版信息: | 北京 北京师范大学出版社 1985 |
|
| 页数: | 148页 | |
| 开本: | 19cm | |
| 丛书名: | ||
| 单 册: | ||
| 中图分类: | O159 | |
| 科图分类: | ||
| 主题词: | 模糊数学 | |
| 电子资源: | ||
| ISBN: | ||
| 000 | 00641nam0 2200229 45 | |
| 001 | 0185010142 | |
| 005 | 20060524162907.29 | |
| 010 | @dCNY1.00 | |
| 091 | @a13243.59 | |
| 100 | @a19900816d1985 em y0chiy0121 ea | |
| 101 | 0 | @achi |
| 102 | @aCN@b110000 | |
| 105 | @ay z 000yy | |
| 200 | 10 | @a模糊子集·模糊关系·模糊映射@Amo hu zi ji mo hu guan xi mo hu ying she@f葛苏林编写@Fge su lin bian xie |
| 210 | @a北京@c北京师范大学出版社@d1985 | |
| 215 | @a148页@d19cm | |
| 606 | @a模糊数学 | |
| 690 | @aO159@v3 | |
| 701 | 0 | @a葛苏林@Age su lin@4编写 |
| 801 | 0 | @aCN@b深圳图书馆@c20060524 |
| 801 | 2 | @aCN@bNLC@c20060517 |
| 905 | @dO159@e13 | |
| 模糊子集·模糊关系·模糊映射/葛苏林编写.-北京:北京师范大学出版社,1985 |
| 148页;19cm |
| ISBN :CNY1.00 |
| ● |
| 相关链接 |
|
|
|
|
正题名:模糊子集·模糊关系·模糊映射
索取号:O159/13
 
预约/预借
| 序号 | 登录号 | 条形码 | 馆藏地/架位号 | 状态 | 备注 |
| 1 | 0151522 | 202334312 | 密集书库/ [索取号:O159/13] | 在馆 | |
| 2 | 0151523 | 202377677 | 密集书库/ [索取号:O159/13] | 在馆 | |
| 3 | 0151524 | 202377702 | 密集书库/ [索取号:O159/13] | 在馆 | |
| 4 | 0151525 | 202377711 | 密集书库/ [索取号:O159/13] | 在馆 | |
| 5 | 0151526 | 202377668 | 密集书库/ [索取号:O159/13] | 在馆 | |
| 6 | 0240269 | 000416179 | 密集书库/ [索取号:O159/13] | 在馆 | |
| 7 | 0240270 | 000416188 | 密集书库/ [索取号:O159/13] | 在馆 | |
| 8 | 0240271 | 000416197 | 密集书库/ [索取号:O159/13] | 在馆 | |
| 9 | 0240272 | 000416213 | 第三借阅区/ [索取号:O159/13] | 在馆 | |
| 10 | 0240273 | 000416204 | 第二样本阅览室/ [索取号:O159/13] | 在馆 |